1994 1270 1966 1097 1547 1974 1206 1271 1535 1963 1675 1089 1165 1447 1567 1273 1010 1120 1905 1228 1978 1788 1617 1109 1072 1907 1384 1853 1949 1909 1193 1076 1726 1179 1415 1083 1610 1577 1930 1379 1759 1749 1283 1692 1901 1747 1783 1297 1021 1139 1884 1830 1093 1721 1092 1024 1387 1994 1375 1902 1285 1370 1472 1576 1142 1931 1938 1520 1167 1052 1341 1111 1850 1398 1791 1501 1949 1143 1538 1915 1434 1706 1606 1401 1466 1032 1531 1536 1249 1606 1234 1115 1978 1604 1977 1195 1363 1782 1126 BCNSPRNW ULIB Ver.6.0+V

เปลี่ยนเป็นภาษาไทย

Change to English
 แสดงรายละเอียดบรรณานุกรม
  กลับหน้าหลัก

Brief Record : Get Marc (ISO 2709) : E-mail record : QR code < ปิดหน้าต่าง
LEADER : 00000nam 2200000uu 4500
001    13399125509
003     ULIB
008    170616s2559||||th 000 0 tha d
020    ^a9786162712814
060 04 ^aWE141^bว896ธ
245 00 ^aเวชปฏิบัติออร์โธปิดิกส์ผู้ป่วยนอก =^bApproach to common orthopaedic problems /^cบรรณาธิการ; ธีระวิทย์ หงส์นภารักษ์, ปรเมศร์ สุวรรณโณ
246 31 ^aApproach to common orthopaedic problems
250    ^aพิมพ์ครั้งที่ 2
260    ^aสงขลา :^bภาควิชาศัลยศาสตร์ออร์โธปิดิกส์และกายภาพบำบัดคณะแพทยศาสตร์ มหาวิทยาลัยสงขลานครินทร์^c2559
300    ^a[10], 363 หน้า :^bภาพประกอบ ;^c22 ซม.
505 0  ^aBack pain in children ... Joint and limb pain in children ... Neck pain and shooting arm pain ... Shoulder pain Elbow pain ... Hand and wrist pain ... Low back pain and shooting leg pain ... Hip pain ... Knee pain ... Ankle pain ... Foot pain
650  2 ^aOrthopedics
650  7 ^aออร์โธปิดิคส์
650  7 ^aศัลยกรรมกระดูก^xการวินิจฉัย
700 0  ^aธีระวิทย์ หงส์นภารักษ์,^eบรรณาธิการ
700 0  ^aปรเมศร์ สุวรรณโณ,^eบรรณาธิการ
710 2  ^aมหาวิทยาลัยสงขลานครินทร์.^bคณะแพทยศาสตร์.^bภาควิชาศัลยศาสตร์ออร์โธปิดิกส์และกายภาพบำบัด
856    ^a^zTable of Content (Content)^uhttp://118.174.31.60:80/ULIB//_fulltext/Content/129010/20160404131052_3289.pdf
945    ^p0^l0^i002322
945    ^p0^l0^i002323
945    ^p0^l0^i002324
999    ^aวรรณษา ชูชัยมงคล
รายการนี้ยังไม่มีแท็ก
คุณยังไม่ได้ล็อกอิน คุณสามารถมีกิจกรรมร่วมกับเว็บไซต์ได้ แต่ต้องล็อกอินก่อน ::
  ล็อกอิน

รายการสื่อสารสนเทศ

ลำดับที่ ประเภท เลขเรียก/บาร์โค้ด สถานที่ สถานะ
1. วิทยาศาสตร์การแพทย์ และสุขภาพ
วิทยาศาสตร์การแพทย์ และสุขภาพ
สถานะ=หนังสือเก่า
WE141 ว896ธ ฉ.1 
  Barcode: 002322
ห้องสมุดวิทยาเขตสวรรค์ประชารักษ์
►ส่วนจัดเก็บหนังสือเก่า สปร
บนชั้น
  ขอยืม
2. วิทยาศาสตร์การแพทย์ และสุขภาพ
วิทยาศาสตร์การแพทย์ และสุขภาพ
สถานะ=หนังสือเก่า
WE141 ว896ธ ฉ.2 
  Barcode: 002323
ห้องสมุดวิทยาเขตสวรรค์ประชารักษ์
►ส่วนจัดเก็บหนังสือเก่า สปร
บนชั้น
  ขอยืม
3. วิทยาศาสตร์การแพทย์ และสุขภาพ
วิทยาศาสตร์การแพทย์ และสุขภาพ
สถานะ=หนังสือเก่า
WE141 ว896ธ ฉ.3 
  Barcode: 002324
ห้องสมุดวิทยาเขตสวรรค์ประชารักษ์
►ส่วนจัดเก็บหนังสือเก่า สปร
บนชั้น
  ขอยืม

รายการใกล้เคียง
    หัวเรื่อง [Orthopedics]
    หัวเรื่อง [ออร์โธปิดิคส์]

BibComment


ยังไม่เคยถูกคอมเมนท์

คอมเมนท์ทรัพยากรรายการนี้
  คอมเมนท์: เวชปฏิบัติออร์โธ..


 Copyright 2026. Bcnsprnw @Library